Monopol sa končí, pluralita začína

Návrh zákona č. 381/2001 Zb. o povinnom zmluvnom poistení za škodu spôsobenú prevádzkou motorového vozidla schválila NR SR 4. septembra 2001. Nový komerčný systém poistenia zodpovednosti prináša pre budúceho klienta viacero výhod. Zároveň sa však zvýši aj jeho zodpovednosť. Ponúkané podmienky na pov...

Descripción completa

Guardado en:
Detalles Bibliográficos
Autor principal: Onuferová, Marianna
Formato: Capítulo de libro
Lenguaje:eslovaco
Materias:
Etiquetas: Agregar Etiqueta
Sin Etiquetas, Sea el primero en etiquetar este registro!

MARC

LEADER 00000naa a2200000 4500
001 r043356
005 20230920073548.8
041 0 |a slo 
044 |a SK 
245 1 0 |a Monopol sa končí, pluralita začína  |c Marianna Onuferová 
520 |a Návrh zákona č. 381/2001 Zb. o povinnom zmluvnom poistení za škodu spôsobenú prevádzkou motorového vozidla schválila NR SR 4. septembra 2001. Nový komerčný systém poistenia zodpovednosti prináša pre budúceho klienta viacero výhod. Zároveň sa však zvýši aj jeho zodpovednosť. Ponúkané podmienky na povinné zmluvné poistenie. Porovnanie sadzieb poistného v Česku, Maďarsku a Poľsku. Vybrané ukazovatele poisťovní. 
610 2 0 |a poistenie zmluvné 
610 2 0 |a poisťovne 
610 2 0 |a automobily 
610 2 0 |a poistné 
610 2 0 |a zákony 
610 2 0 |a Slovensko 
610 2 0 |a SVE 
100 1 |a Onuferová, Marianna